000 00390nam a2200145Ia 4500
008 231217s9999 xx 000 0 und d
041 _aEnglish
082 _a001.64404 AHU;1
100 _aAhuja, Vijay
245 0 _aDesign and analysis of computer communication networks
260 _c1982
_bNew York : McGraw-Hill,
300 _axiv+306
650 _aNetworks,computer
942 _cAA
999 _c165022
_d165022